000
00324nam a22001457a 4500
003
SGT
082
_a
612.05
_b
B16V
100
_a
VASHUDEVAN, DM
245
_a
TB. OF BIOCHEMISTRY FOR MEDICAL STUDENTS
250
_a
8TH
260
_a
INDIA
_b
JAYPEE
_c
2016
300
_a
718
650
_a
BIOCHEMISTRY
942
_2
ddc
_c
BK
_0
325
999
_c
10583
_d
10583